MARC

LEADER 00000nam0a2200000 4500
001 127764
005 20231031132349.0
035 |a (RuTPU)RU\TPU\book\138211 
090 |a 127764 
100 |a 20071219d1979 k y0rusy50 ca 
101 1 |a rus  |c eng 
102 |a RU 
105 |a a z 001zy 
200 1 |a Турбулентные течения в инженерных приложениях  |e пер. с англ.  |f А. Дж. Рейнольдс 
210 |a Москва  |c Энергия  |d 1979 
215 |a 408 с.  |c ил. 
320 |a Библиогр.: с. 397-400. 
320 |a Предм. указ.: с. 401-405. 
610 1 |a турбулентные течения 
610 1 |a инженерные приложения 
610 1 |a турбулентность 
610 1 |a эксперименты 
610 1 |a анализ 
610 1 |a течения 
610 1 |a теоретические основы 
610 1 |a трение 
610 1 |a расход 
610 1 |a теплоперенос 
610 1 |a массообмен 
675 |a 532.5  |v 3 
700 1 |a Рейнольдс  |b А. Дж. 
801 1 |a RU  |b 63413507  |c 20071219  |g PSBO 
801 2 |a RU  |b 63413507  |c 20150202  |g PSBO 
942 |c BK